000 00169nam a22000857a 4500
082 _a823
100 _aCOELHO, PAULO
245 _aMANUAL OF THE WARRIOR OF LIGHT
942 _cBK
999 _c8103
_d8103